Guide to antimicrobial use in animals

The first book to offer practical guidelines on the prudent and rational use of antimicrobials in animals. The earlier chapters cover issue such as human health risk and the problems of resistance to antimicrobial drugs. The later chapter are specifically dedicated to particular groups of animals, a...

Description complète

Enregistré dans:
Détails bibliographiques
Format: Livre
Langue:Undetermined
Publié: Oxford, UK Blackwell Pub. 2008
Sujets:
Tags: Ajouter un tag
Pas de tags, Soyez le premier à ajouter un tag!
Thư viện lưu trữ: Trung tâm Học liệu Trường Đại học Cần Thơ
LEADER 01120nam a2200193Ia 4500
001 CTU_134593
008 210402s9999 xx 000 0 und d
020 |c 119.99 
082 |a 636.089 
082 |b G946 
245 0 |a Guide to antimicrobial use in animals 
245 0 |c Edited by Luca Guardabassi, Lars B. Jensen, Hilde Kruse 
260 |a Oxford, UK 
260 |b Blackwell Pub. 
260 |c 2008 
520 |a The first book to offer practical guidelines on the prudent and rational use of antimicrobials in animals. The earlier chapters cover issue such as human health risk and the problems of resistance to antimicrobial drugs. The later chapter are specifically dedicated to particular groups of animals, and include tables of the drugs of choice to be used to preserve the efficacy of clinically important antimicrobials. 
650 |a Anti-infective agents in veterinary medicine,Drug resistance in microorganisms,Anti-Infective Agents,Drug therapy,Animals, domestic,Anti-Infective agents 
650 |x Therapeutic use,Veterinary,Adverse effects 
980 |a Trung tâm Học liệu Trường Đại học Cần Thơ